<?xml version="1.0" encoding="UTF-8"?>
<record
    xmlns:xsi="http://www.w3.org/2001/XMLSchema-instance"
    xsi:schemaLocation="http://www.loc.gov/MARC21/slim http://www.loc.gov/standards/marcxml/schema/MARC21slim.xsd"
    xmlns="http://www.loc.gov/MARC21/slim">

  <leader>01827nam0a2200385 i 4500</leader>
  <controlfield tag="001">RU\NLR\BIBL_A\010018033</controlfield>
  <controlfield tag="005">20240921211646.0</controlfield>
  <datafield tag="010" ind1=" " ind2=" ">
    <subfield code="a">9785959007331</subfield>
    <subfield code="9">500</subfield>
  </datafield>
  <datafield tag="021" ind1=" " ind2=" ">
    <subfield code="a">RU</subfield>
    <subfield code="b">2013-91132</subfield>
    <subfield code="9">6308</subfield>
  </datafield>
  <datafield tag="035" ind1=" " ind2=" ">
    <subfield code="a">(NILC)RuMoRGB-006695233</subfield>
  </datafield>
  <datafield tag="035" ind1=" " ind2=" ">
    <subfield code="a">(NLR Aleph) 010018033</subfield>
  </datafield>
  <datafield tag="090" ind1=" " ind2=" ">
    <subfield code="a">9886716</subfield>
    <subfield code="c">9886716</subfield>
  </datafield>
  <datafield tag="100" ind1=" " ind2=" ">
    <subfield code="a">20131225d2013    k  y0rusy50      ca</subfield>
  </datafield>
  <datafield tag="101" ind1="0" ind2=" ">
    <subfield code="a">rus</subfield>
  </datafield>
  <datafield tag="102" ind1=" " ind2=" ">
    <subfield code="a">RU</subfield>
  </datafield>
  <datafield tag="105" ind1=" " ind2=" ">
    <subfield code="a">a   z   000yy</subfield>
  </datafield>
  <datafield tag="200" ind1="1" ind2=" ">
    <subfield code="a">&#x418;&#x43D;&#x444;&#x43E;&#x440;&#x43C;&#x430;&#x446;&#x438;&#x43E;&#x43D;&#x43D;&#x43E;&#x435; &#x43E;&#x431;&#x435;&#x441;&#x43F;&#x435;&#x447;&#x435;&#x43D;&#x438;&#x435; &#x43A;&#x43E;&#x43D;&#x442;&#x440;&#x43E;&#x43B;&#x44F; &#x442;&#x430;&#x43C;&#x43E;&#x436;&#x435;&#x43D;&#x43D;&#x43E;&#x439; &#x441;&#x442;&#x43E;&#x438;&#x43C;&#x43E;&#x441;&#x442;&#x438;</subfield>
    <subfield code="e">&#x43C;&#x43E;&#x43D;&#x43E;&#x433;&#x440;&#x430;&#x444;&#x438;&#x44F;</subfield>
    <subfield code="f">&#x42D;. &#x41F;. &#x41A;&#x443;&#x43F;&#x440;&#x438;&#x43D;&#x43E;&#x432;, &#x41C;. &#x412;. &#x414;&#x43E;&#x43B;&#x433;&#x43E;&#x432;&#x430;, &#x41B;. &#x412;. &#x41C;&#x43E;&#x43C;&#x441;&#x438;&#x43A;&#x43E;&#x432;&#x430;</subfield>
    <subfield code="g">&#x413;&#x43E;&#x441;. &#x43A;&#x430;&#x437;&#x435;&#x43D;&#x43D;&#x43E;&#x435; &#x43E;&#x431;&#x440;&#x430;&#x437;&#x43E;&#x432;&#x430;&#x442;&#x435;&#x43B;&#x44C;&#x43D;&#x43E;&#x435; &#x443;&#x447;&#x440;&#x435;&#x436;&#x434;&#x435;&#x43D;&#x438;&#x435; &#x432;&#x44B;&#x441;&#x448;. &#x43F;&#x440;&#x43E;&#x444;. &#x43E;&#x431;&#x440;&#x430;&#x437;&#x43E;&#x432;&#x430;&#x43D;&#x438;&#x44F; "&#x420;&#x43E;&#x441;&#x441;&#x438;&#x439;&#x441;&#x43A;&#x430;&#x44F; &#x442;&#x430;&#x43C;&#x43E;&#x436;&#x435;&#x43D;&#x43D;&#x430;&#x44F; &#x430;&#x43A;&#x430;&#x434;."</subfield>
  </datafield>
  <datafield tag="210" ind1=" " ind2=" ">
    <subfield code="a">&#x41C;&#x43E;&#x441;&#x43A;&#x432;&#x430;</subfield>
    <subfield code="c">&#x418;&#x437;&#x434;-&#x432;&#x43E; &#x420;&#x43E;&#x441;&#x441;&#x438;&#x439;&#x441;&#x43A;&#x43E;&#x439; &#x442;&#x430;&#x43C;&#x43E;&#x436;&#x435;&#x43D;&#x43D;&#x43E;&#x439; &#x430;&#x43A;&#x430;&#x434;&#x435;&#x43C;&#x438;&#x438;</subfield>
    <subfield code="d">2013</subfield>
  </datafield>
  <datafield tag="215" ind1=" " ind2=" ">
    <subfield code="a">119 &#x441;.</subfield>
    <subfield code="c">&#x438;&#x43B;., &#x442;&#x430;&#x431;&#x43B;.</subfield>
    <subfield code="d">25</subfield>
  </datafield>
  <datafield tag="320" ind1=" " ind2=" ">
    <subfield code="a">&#x411;&#x438;&#x431;&#x43B;&#x438;&#x43E;&#x433;&#x440;.: &#x441;. 105-109 (88 &#x43D;&#x430;&#x437;&#x432;.)</subfield>
  </datafield>
  <datafield tag="606" ind1="1" ind2=" ">
    <subfield code="a">&#x422;&#x430;&#x43C;&#x43E;&#x436;&#x435;&#x43D;&#x43D;&#x43E;&#x435; &#x434;&#x435;&#x43B;&#x43E;</subfield>
    <subfield code="x">&#x418;&#x43D;&#x444;&#x43E;&#x440;&#x43C;&#x430;&#x446;&#x438;&#x43E;&#x43D;&#x43D;&#x43E;&#x435; &#x43E;&#x431;&#x435;&#x441;&#x43F;&#x435;&#x447;&#x435;&#x43D;&#x438;&#x435;</subfield>
    <subfield code="y">&#x420;&#x43E;&#x441;&#x441;&#x438;&#x439;&#x441;&#x43A;&#x430;&#x44F; &#x424;&#x435;&#x434;&#x435;&#x440;&#x430;&#x446;&#x438;&#x44F;</subfield>
    <subfield code="9">2103615</subfield>
    <subfield code="3">RU\NLR\AUTH\661575619</subfield>
  </datafield>
  <datafield tag="610" ind1="0" ind2=" ">
    <subfield code="a">&#x442;&#x430;&#x43C;&#x43E;&#x436;&#x435;&#x43D;&#x43D;&#x430;&#x44F; &#x441;&#x442;&#x43E;&#x438;&#x43C;&#x43E;&#x441;&#x442;&#x44C; &#x442;&#x43E;&#x432;&#x430;&#x440;&#x43E;&#x432;, &#x43A;&#x43E;&#x43D;&#x442;&#x440;&#x43E;&#x43B;&#x44C;</subfield>
  </datafield>
  <datafield tag="675" ind1=" " ind2=" ">
    <subfield code="a">339.543</subfield>
  </datafield>
  <datafield tag="686" ind1="1" ind2=" ">
    <subfield code="a">&#x425;621.165.203.1</subfield>
  </datafield>
  <datafield tag="686" ind1="1" ind2=" ">
    <subfield code="a">&#x423;43(2)-866&#x432;612</subfield>
  </datafield>
  <datafield tag="700" ind1=" " ind2="1">
    <subfield code="a">&#x41A;&#x443;&#x43F;&#x440;&#x438;&#x43D;&#x43E;&#x432;</subfield>
    <subfield code="b">&#x42D;. &#x41F;.</subfield>
    <subfield code="g">&#x42D;&#x434;&#x443;&#x430;&#x440;&#x434; &#x41F;&#x430;&#x432;&#x43B;&#x43E;&#x432;&#x438;&#x447;</subfield>
  </datafield>
  <datafield tag="701" ind1=" " ind2="1">
    <subfield code="a">&#x414;&#x43E;&#x43B;&#x433;&#x43E;&#x432;&#x430;</subfield>
    <subfield code="b">&#x41C;. &#x412;.</subfield>
    <subfield code="g">&#x41C;&#x430;&#x440;&#x438;&#x44F; &#x412;&#x43B;&#x430;&#x434;&#x438;&#x43C;&#x438;&#x440;&#x43E;&#x432;&#x43D;&#x430;</subfield>
  </datafield>
  <datafield tag="701" ind1=" " ind2="1">
    <subfield code="a">&#x41C;&#x43E;&#x43C;&#x441;&#x438;&#x43A;&#x43E;&#x432;&#x430;</subfield>
    <subfield code="b">&#x41B;. &#x412;.</subfield>
    <subfield code="g">&#x41B;&#x430;&#x440;&#x438;&#x441;&#x430; &#x412;&#x44F;&#x447;&#x435;&#x441;&#x43B;&#x430;&#x432;&#x43E;&#x432;&#x43D;&#x430;</subfield>
  </datafield>
  <datafield tag="801" ind1=" " ind2="0">
    <subfield code="a">RU</subfield>
    <subfield code="b">RuMoRKP</subfield>
    <subfield code="c">20131111</subfield>
    <subfield code="g">RCR</subfield>
  </datafield>
  <datafield tag="801" ind1=" " ind2="2">
    <subfield code="a">RU</subfield>
    <subfield code="b">&#x420;&#x413;&#x411;</subfield>
    <subfield code="c">20131122</subfield>
    <subfield code="g">rcr</subfield>
  </datafield>
  <datafield tag="801" ind1=" " ind2="1">
    <subfield code="a">RU</subfield>
    <subfield code="b">RuMoRKP</subfield>
    <subfield code="c">20131111</subfield>
    <subfield code="2">rusmarc</subfield>
  </datafield>
  <datafield tag="942" ind1=" " ind2=" ">
    <subfield code="c">BOOK</subfield>
  </datafield>
  <datafield tag="980" ind1=" " ind2=" ">
    <subfield code="a">NBR</subfield>
  </datafield>
</record>
